01309nam a2200265 a 450000100060000000300080000600500170001400800410003103500190007204000380009104100080012908200220013710000490015924502180020826000620042630000270048850500890051565000400060465000460064470000450069094200120073599900170074795201390076495201400090350804BD-RjUL20211209075552.0160828s1960 enkab b 000 0 eng  a(BD-RjUL)50924 aDUP:JbengcDUP:JdDUP:JdBD-RjUL aeng04a530223bTAS 19601 aTaylor, Geoffrey Ingram,d1886-1975.915208314aThe scientific papers of Sir Geoffrey Ingram Taylor :b fellow of Trinity College, Cambridge, fellow and formerly Yarrow Research Professor of The Royal Society /cGeoffrey Ingram Taylor, edited by G.K. Batchelor. aCambridge, [Eng.] :bCambridge University Press,c1958-60 aVol. :bill. ;c26 cm.0 aVol.1. Mechanics of Solids -- V. 2. Meteorology, oceanography, and turbulent flow -- 0aMechanicsvCollected works.9152084 0aFluid mechanicsvCollected works.91520851 aBatchelor, G. K.q(George Keith)9152086 2ddccBK c50804d50804 00102ddc40708NFICaRUCLbRUCLcStackd1964-06-06eZeitlingerg75.00l0o530 TAS V-2 1960r2016-08-28 00:00:00tC-2w2021-12-09yBK 00102ddc40708NFICaRUCLbRUCLcStackd1964-06-06eZeithlingerg85.00l0o530 TAS V-1 1958r2016-08-28 00:00:00tC-2w2021-12-09yBK